000 00578nam a2200217Ia 4500
003 OSt
005 20221007082840.0
006 a|||||r|||| 00| 0
007 ta
008 221006b |||||||| |||| 00| 0 eng d
024 _a30,313
037 _cDissertations
040 _aFLL
_cFLL
_beng
041 _2eng
_aeng
100 _aMishra Ashutosh
_9699631
245 0 _aEnforcement of intellectual property right in protection of entertainment product
260 _c2008
300 _a140p
_ccm.
942 _cDIS
_2CC
999 _c1167940
_d1167940